Catálogo de universidades del sistema CINDA
I tiakina i:
| Ngā kaituhi rangatōpū: | , |
|---|---|
| Hōputu: | Pukapuka |
| Reo: | Pāniora |
| I whakaputaina: |
Santiago
CINDA
1996
|
| Putanga: | 1a. ed |
| Ngā marau: | |
| Ngā Tūtohu: |
Tāpirihia he Tūtohu
Kāore He Tūtohu, Me noho koe te mea tuatahi ki te tūtohu i tēnei pūkete!
|
MARC
| LEADER | 00000cam a2200000 a 4500 | ||
|---|---|---|---|
| 001 | UCG8971 | ||
| 003 | CL-VaPUC | ||
| 008 | 120120e19960000CL |||||||||||||||||spa|d | ||
| 020 | |a 9567106259 | ||
| 082 | 0 | 4 | |a 378.0029 |b CEN |2 21 |
| 110 | 2 | |a Centro Interuniversitario de Desarrollo |e author |9 560280 | |
| 710 | 2 | |a CINDA |e author |9 560281 | |
| 245 | 1 | 0 | |a Catálogo de universidades del sistema CINDA |
| 250 | |a 1a. ed | ||
| 300 | |a 182 p | ||
| 942 | |c BK | ||
| 945 | |d 20120120 00:00:00 |a cmena | ||
| 260 | |a Santiago |b CINDA |c 1996 | ||
| 650 | 0 | |a Universidades |9 256317 | |
| 650 | 0 | |a Educación superior |9 223851 | |
| 650 | 0 | |a Carreras universitarias |9 846805 | |
| 583 | |a last modification |c 20120120 10:38:00 |k Rodrigo Vera | ||
| 999 | |c 346556 |d 346554 | ||
| 952 | |0 0 |1 0 |4 0 |6 378_002900000000000_CEN_1996 |7 0 |8 ED_SUP |9 447293 |a BIBGIM |b BIBGIM |c S_PSTGRDO |d 2019-11-22 |i 483562K |o 378.0029 CEN 1996 |p 483562K |r 2025-01-15 |w 2019-11-22 |y BK |k ESU | ||
| 952 | |0 0 |1 0 |4 0 |6 378_002900000000000_CEN_1996 |7 0 |8 ED_SUP |9 447294 |a BIBGIM |b BIBGIM |c S_PSTGRDO |d 2019-11-22 |i 4835638 |o 378.0029 CEN 1996 |p 4835638 |r 2025-01-15 |w 2019-11-22 |y BK |k ESU | ||